| 000 | 01090nam a2200325 i 4500 | ||
|---|---|---|---|
| 001 | 000007428 | ||
| 003 | DO-SdBNP | ||
| 005 | 20240826125436.0 | ||
| 007 | ta | ||
| 008 | 240814s2024 dr ab 001 0 spa d | ||
| 020 | _a9789945186901 | ||
| 040 |
_aDO-SdBNP _bspa _cBNPHU _erda |
||
| 041 | _hspa | ||
| 082 | 4 |
_a551.482 _bG643l 2024 _222 |
|
| 100 | 1 |
_aGonzález, Geraldino, _d1957- _eautor _920628 |
|
| 245 | 1 | 0 |
_aLagunas, humedales y lagos de la República Dominicana / _cGeraldino González. |
| 264 | 1 |
_aSanto Domingo : _bEl Nuevo Diario, _c2024 |
|
| 300 |
_a284 p. : _bilustraciones mapas ; _c23 cm. |
||
| 336 |
_atexto _btxt _2rdacontent |
||
| 337 |
_asin mediación _bnc _2rdamedia |
||
| 338 |
_avolumen _bnc _2rdacarrier |
||
| 500 | _aIncluye datos biográficos | ||
| 504 | _aIncluye referencias bibliográficas | ||
| 590 | _aInventariado, 2024/DG | ||
| 650 | 4 |
_aLagunas _zRepública Dominicana _920629 |
|
| 650 | 4 |
_aHumedales _zRepública Dominicana _920630 |
|
| 650 | 4 |
_aLagos _zRepública Dominicana _920631 |
|
| 910 | _aDG. Validado control de calidad/MAA | ||
| 942 |
_2ddc _cLBS1 |
||
| 999 |
_c57459 _d57459 |
||